01010 2200337 4500001002100000005001500021035002000036007000300056008004100059082000800100084001500108100003500123245008500158250001500243300003000258700002800288520009900316600001000415264004500425336002100470337003000491338002300521990001600544990001600560990001600576990001600592990001600608990001600624990001600640990001600656INLIS00000000000003320260428103749 a0010-0426000032ta260428 e 1 ind  a899 a899 TOS f0 aToshikazu KawaguchiePengarang1 aFuniculi Funicula :bBefore the coffee gets cold /cPenulis, Toshikazu Kawaguchi aCetakan 29 a224 :bIlustrasi ;c20 cm0 aDania SaktiePenerjemah aDi sebuah gang kecil di Tokyo, ada kafe tua yang bisa membawa pengunjungnya menjelajahi waktu. 4aFiksi aJakarta :bGramedia Pustaka Utama,c2025 2rdacontentaTeks 2rdamediaaTanpa Perantara 2rdacarrieraVolume aPP000084/25 aPC000121/25 aAT000152/25 aSP000435/25 aTT000459/25 aPT000478/25 aPP000883/25 aNM003252/25